[Event "Cap d'Agde op"]
[Site "Cap d'Agde"]
[Date "2006.10.27"]
[Round "1"]
[White "Benali, Boubaker"]
[Black "Azema, Jean"]
[Result "1-0"]
[WhiteElo "1750"]
[BlackElo "1400"]
[PlyCount "63"]
[EventDate "2006.10.26"]
[EventType "swiss"]
[EventRounds "9"]
[EventCountry "FRA"]
[SourceTitle "EXT 2007"]
[Source "ChessBase"]
[SourceDate "2006.11.23"]
[SourceVersion "1"]
[SourceVersionDate "2006.11.23"]
[SourceQuality "1"]

1. d4 Nf6 2. c4 d6 3. Nc3 g6 4. e4 e5 5. Nf3 exd4 6. Nxd4 c5 7. Nf3 Be6 8. Bg5 Bg7 9. Qd2 Nc6 10. Be2 Na5 11. Nd5 0-0 12. Bxf6 Bxf6 13. Nxf6+ Qxf6 14. Qxa5 Qxb2 15. Rd1 Qb4+ 16. Qxb4 cxb4 17. Rxd6 a5 18. 0-0 a4 19. Rb6 b3 20. axb3 a3 21. Ra1 a2 22. Nd4 Bc8 23. Nc2 Re8 24. f3 f5 25. Bd3 Rd8 26. Ne1 Ra3 27. Kf2 f4 28. Ke2 Be6 29. Rxe6 Rb8 30. Rb6 Ra6 31. Rxa6 bxa6 32. Bc2 1-0

[Event "FRA-ch op-C"]
[Site "Val d'Isere"]
[Date "2002.08.??"]
[Round "9.4"]
[White "Benali, Boubaker"]
[Black "Vandewiele, Benoit"]
[Result "1/2-1/2"]
[WhiteElo "1470"]
[BlackElo "1550"]
[PlyCount "174"]
[EventDate "2002.08.20"]
[EventType "swiss"]
[EventRounds "11"]
[EventCountry "FRA"]
[SourceTitle "EXT 2003"]
[Source "ChessBase"]
[SourceDate "2002.11.25"]
[SourceVersion "1"]
[SourceVersionDate "2002.11.25"]
[SourceQuality "1"]

1. d4 Nf6 2. c4 g6 3. Nc3 d5 4. cxd5 Nxd5 5. e4 Nxc3 6. bxc3 Bg7 7. Nf3 Bg4 8. Be3 0-0 9. Rb1 b6 10. Be2 c5 11. h3 Be6 12. Qc2 cxd4 13. cxd4 Qc8 14. Rc1 Qxc2 15. Rxc2 Rc8 16. Rxc8+ Bxc8 17. 0-0 Nc6 18. Rc1 Bb7 19. d5 Ne5 20. Rc7 Nxf3+ 21. Bxf3 Ba6 22. Rxe7 Bc4 23. e5 Bxa2 24. d6 Rd8 25. Rxa7 Bxe5 26. Rxa2 Rxd6 27. Ra8+ Kg7 28. Ra6 b5 29. Rxd6 Bxd6 30. Bd5 f5 31. Kf1 Kf6 32. Bh6 g5 33. h4 gxh4 34. Ke2 b4 35. Bd2 f4 36. f3 Ke5 37. Bg8 h6 38. Kd3 Kf5 39. Kc4 b3 40. Kxb3 Kg5 41. Be6 Bc5 42. Kc4 Bf2 43. Kd5 Bg3 44. Ke5 Bh2 45. Be1 Kg6 46. Bxh4 Kh5 47. Be7 Kg6 48. Bh4 Kh5 49. Be1 Kg5 50. Bd2 Bg3 51. Bb4 Bh2 52. Bd7 Kh4 53. Be7+ Kg3 54. Bh3 Kf2 55. Kf5 Bg3 56. Kg6 h5 57. Kxh5 Ke3 58. Bd6 Kd4 59. Kg4 Ke3 60. Kg5 Bh2 61. Kf5 Bg3 62. Bc5+ Kd3 63. Bg1 Ke2 64. Bc5 Kd3 65. Kg5 Ke2 66. Bg1 Kf1 67. Bc5 Ke2 68. Bd6 Ke3 69. Bf5 Bh2 70. Kg4 Bg3 71. Kh5 Kd4 72. Be7 Be1 73. Bh4 Bd2 74. Bf2+ Ke5 75. Kg4 Bc1 76. Bc8 Bd2 77. Kh3 Kd6 78. Bd4 Be1 79. Bb7 Bg3 80. Kg4 Ke6 81. Bf2 Bxf2 82. Kxf4 Kf6 83. g4 Be1 84. Bc8 Bd2+ 85. Ke4 Kg5 86. Bd7 Bc1 87. Kd3 Bf4 1/2-1/2